00317nam a22001337a 4500003000400000020001800004082001800022100002400040245003800064250001900102260003600121300000800157650001800165SGT a9788131244500 a617.645bC17N aNEWMAN, Dwarakanath aCarranza's Clinical Periodontolog a2ND SOUTH ASIA aNEW DELHIbElsevier Indiac2017 a761 aPeriodontolog